| 000 | 00351nam a22001337a 4500 | ||
|---|---|---|---|
| 020 | _a9788176222563 | ||
| 082 |
_a630.7 _bBIR/IM |
||
| 245 | _aImproving Agricultural Education Concepts and Methods | ||
| 260 |
_aNew Delhi _bBiotech Books _c2012 |
||
| 300 | _a305 | ||
| 700 |
_aBirendra Kumar _91140 |
||
| 700 |
_aKashyap Shivendra K. _91141 |
||
| 942 | _cBK | ||
| 999 |
_c14653 _d14653 |
||